[Event "Storsjodraget 2022"]
[Site "Ostersund"]
[Date "2022.06.10"]
[Round "3"]
[Board "4"]
[White "Hart, Alexander"]
[Black "Sundin, Emanuel"]
[Result "1-0"]
[WhiteElo "2084"]
[BlackElo "2138"]
[PlyCount "0"]
[EventDate "2022.06.10"]
[EventRounds "7"]
[EventCountry "SWE"]

1. d4 {[%clk 00:15:08]} {[%emt 00:00:02]} Nf6 {[%clk 00:15:05]} {[%emt
00:00:06]} 2. c4 {[%clk 00:15:10]} {[%emt 00:00:02]} e5 {[%clk 00:15:08]}
{[%emt 00:00:02]} 3. dxe5 {[%clk 00:15:13]} {[%emt 00:00:03]} Ng4 {[%clk
00:15:11]} {[%emt 00:00:01]} 4. Bf4 {[%clk 00:15:09]} {[%emt 00:00:09]} Nc6
{[%clk 00:15:13]} {[%emt 00:00:03]} 5. Nf3 {[%clk 00:15:12]} {[%emt 00:00:02]}
Bb4+ {[%clk 00:15:16]} {[%emt 00:00:03]} 6. Nbd2 {[%clk 00:14:57]} {[%emt
00:00:19]} Qe7 {[%clk 00:15:18]} {[%emt 00:00:03]} 7. e3 {[%clk 00:14:46]}
{[%emt 00:00:15]} Ngxe5 {[%clk 00:15:21]} {[%emt 00:00:03]} 8. Be2 {[%clk
00:14:22]} {[%emt 00:00:29]} Nxf3+ {[%clk 00:15:23]} {[%emt 00:00:02]} 9. Bxf3
{[%clk 00:14:22]} {[%emt 00:00:06]} Ne5 {[%clk 00:15:27]} {[%emt 00:00:01]} 10.
Be2 {[%clk 00:14:10]} {[%emt 00:00:18]} d6 {[%clk 00:15:22]} {[%emt 00:00:10]}
11. O-O {[%clk 00:14:06]} {[%emt 00:00:08]} a5 {[%clk 00:15:24]} {[%emt
00:00:03]} 12. a3 {[%clk 00:13:56]} {[%emt 00:00:15]} Bxd2 {[%clk 00:15:26]}
{[%emt 00:00:04]} 13. Qxd2 {[%clk 00:13:59]} {[%emt 00:00:02]} a4 {[%clk
00:15:29]} {[%emt 00:00:01]} 14. Qc3 {[%clk 00:13:35]} {[%emt 00:00:29]} b6
{[%clk 00:13:46]} {[%emt 00:01:49]} 15. Rfd1 {[%clk 00:12:22]} {[%emt
00:01:17]} O-O {[%clk 00:13:31]} {[%emt 00:00:21]} 16. Rd4 {[%clk 00:12:03]}
{[%emt 00:00:23]} Nd7 {[%clk 00:12:57]} {[%emt 00:00:39]} 17. h4 {[%clk
00:10:12]} {[%emt 00:01:56]} Nc5 {[%clk 00:12:07]} {[%emt 00:00:55]} 18. Rad1
{[%clk 00:09:26]} {[%emt 00:00:50]} Bb7 {[%clk 00:11:53]} {[%emt 00:00:19]} 19.
h5 {[%clk 00:07:15]} {[%emt 00:02:17]} Ne6 {[%clk 00:10:09]} {[%emt 00:01:50]}
20. h6 {[%clk 00:07:07]} {[%emt 00:00:12]} Nxd4 {[%clk 00:08:50]} {[%emt
00:01:24]} 21. Rxd4 {[%clk 00:06:57]} {[%emt 00:00:15]} f6 {[%clk 00:08:36]}
{[%emt 00:00:20]} 22. hxg7 {[%clk 00:06:34]} {[%emt 00:00:28]} Qxg7 {[%clk
00:08:34]} {[%emt 00:00:07]} 23. Bg3 {[%clk 00:06:17]} {[%emt 00:00:20]} f5
{[%clk 00:06:54]} {[%emt 00:01:46]} 24. Qd2 {[%clk 00:05:32]} {[%emt 00:00:50]}
Rae8 {[%clk 00:06:23]} {[%emt 00:00:36]} 25. Rh4 {[%clk 00:04:26]} {[%emt
00:01:10]} Re4 {[%clk 00:05:28]} {[%emt 00:01:02]} 26. Rh3 {[%clk 00:03:36]}
{[%emt 00:00:54]} Re7 {[%clk 00:04:24]} {[%emt 00:01:08]} 27. Bf1 {[%clk
00:03:14]} {[%emt 00:00:28]} Kh8 {[%clk 00:04:09]} {[%emt 00:00:20]} 28. Bf4
{[%clk 00:02:56]} {[%emt 00:00:22]} Re6 {[%clk 00:03:58]} {[%emt 00:00:17]} 29.
Qe2 {[%clk 00:02:32]} {[%emt 00:00:29]} Rg6 {[%clk 00:03:41]} {[%emt 00:00:22]}
30. g3 {[%clk 00:02:09]} {[%emt 00:00:28]} Rg4 {[%clk 00:03:06]} {[%emt
00:00:40]} 31. Bh6 {[%clk 00:01:57]} {[%emt 00:00:16]} Qf7 {[%clk 00:02:46]}
{[%emt 00:00:26]} 32. Bxf8 Qxf8 {[%clk 00:02:50]} 33. Qc2 {[%clk 00:01:47]}
{[%emt 00:00:10]} Bc6 {[%clk 00:02:10]} {[%emt 00:00:46]} 34. Be2 {[%clk
00:01:15]} {[%emt 00:00:37]} Rg5 {[%clk 00:01:41]} {[%emt 00:00:34]} 35. Bd3
{[%clk 00:01:00]} {[%emt 00:00:19]} Qf7 {[%clk 00:00:26]} {[%emt 00:01:20]} 36.
f4 {[%clk 00:00:55]} {[%emt 00:00:10]} Rg7 {[%clk 00:00:23]} {[%emt 00:00:08]}
37. Bxf5 {[%clk 00:00:58]} {[%emt 00:00:02]} Qe7 {[%clk 00:00:18]} {[%emt
00:00:10]} 38. g4 {[%clk 00:00:47]} {[%emt 00:00:15]} Qf7 {[%clk 00:00:10]}
{[%emt 00:00:14]} 39. g5 {[%clk 00:00:35]} {[%emt 00:00:17]} Qe7 {[%clk
00:00:08]} {[%emt 00:00:07]} 40. Kf2 {[%clk 00:00:13]} {[%emt 00:00:26]} d5
{[%clk 00:00:13]} {[%emt 00:00:02]} 41. g6 {[%clk 00:00:10]} {[%emt 00:00:07]}
dxc4 {[%clk 00:00:13]} {[%emt 00:00:05]} 42. Qc3 {[%clk 00:00:07]} {[%emt
00:00:09]} Kg8 {[%clk 00:00:08]} {[%emt 00:00:10]} 43. gxh7+ {[%clk 00:00:10]}
{[%emt 00:00:02]} Kh8 {[%clk 00:00:08]} {[%emt 00:00:04]} 44. Rh2 {[%clk
00:00:09]} {[%emt 00:00:06]} Qf7 {[%clk 00:00:07]} {[%emt 00:00:07]} 45. Bc2
{[%clk 00:00:06]} {[%emt 00:00:07]} Qd5 {[%clk 00:00:07]} {[%emt 00:00:05]} 46.
e4 {[%clk 00:00:08]} {[%emt 00:00:04]} Qc5+ {[%clk 00:00:10]} {[%emt 00:00:01]}
47. Qe3 {[%clk 00:00:09]} {[%emt 00:00:03]} Qb5 {[%clk 00:00:08]} {[%emt
00:00:08]} 48. Qd4 {[%clk 00:00:08]} {[%emt 00:00:04]} c3 {[%clk 00:00:07]}
{[%emt 00:00:09]} 49. Qd8+ {[%clk 00:00:12]} {[%emt 00:00:01]} Be8 {[%clk
00:00:10]} {[%emt 00:00:01]} 50. bxc3 {[%clk 00:00:11]} {[%emt 00:00:06]} Qc5+
{[%clk 00:00:07]} {[%emt 00:00:08]} 51. Qd4 {[%clk 00:00:14]} {[%emt 00:00:02]}
Qxa3 {[%clk 00:00:10]} {[%emt 00:00:02]} 52. f5 {[%clk 00:00:14]} {[%emt
00:00:05]} Qc1 {[%clk 00:00:12]} {[%emt 00:00:03]} 53. Kf3 {[%emt 00:00:21]}
1-0

[Event "Storsjodraget 2022"]
[Site "Ostersund"]
[Date "2022.06.10"]
[Round "2"]
[Board "1"]
[White "Backsten, Jan"]
[Black "Larkin, Vladyslav"]
[Result "0-1"]
[WhiteElo "2016"]
[BlackElo "2430"]
[PlyCount "0"]
[EventDate "2022.06.10"]
[EventRounds "7"]
[EventCountry "SWE"]

1. e4 {[%clk 00:15:05]} {[%emt 00:02:59]} c5 {[%clk 00:15:05]} {[%emt
00:00:03]} 2. Nc3 {[%clk 00:15:06]} {[%emt 00:00:02]} e6 {[%clk 00:15:08]}
{[%emt 00:00:19]} 3. Nge2 {[%clk 00:15:09]} a6 {[%clk 00:15:10]} {[%emt
00:00:03]} 4. g3 {[%clk 00:15:11]} {[%emt 00:00:04]} h5 {[%clk 00:15:13]}
{[%emt 00:00:02]} 5. h4 {[%clk 00:14:56]} {[%emt 00:00:20]} b5 {[%clk
00:15:14]} {[%emt 00:00:04]} 6. Bg2 {[%clk 00:14:56]} {[%emt 00:00:05]} Bb7
{[%clk 00:15:17]} {[%emt 00:00:02]} 7. d4 {[%clk 00:14:55]} {[%emt 00:00:06]}
cxd4 {[%clk 00:15:17]} {[%emt 00:00:05]} 8. Nxd4 {[%clk 00:14:58]} {[%emt
00:00:02]} Nf6 {[%clk 00:15:19]} {[%emt 00:00:03]} 9. a3 {[%clk 00:14:36]}
{[%emt 00:00:28]} Ng4 {[%clk 00:14:58]} {[%emt 00:00:25]} 10. O-O {[%clk
00:14:10]} {[%emt 00:00:31]} Bc5 {[%clk 00:14:48]} {[%emt 00:00:15]} 11. Nb3
{[%clk 00:13:14]} {[%emt 00:01:02]} Be7 {[%clk 00:14:51]} 12. Bf4 {[%clk
00:12:38]} {[%emt 00:00:41]} d6 {[%clk 00:14:50]} {[%emt 00:00:07]} 13. Qd2
{[%clk 00:12:22]} {[%emt 00:00:20]} Nc6 {[%clk 00:14:51]} {[%emt 00:00:04]} 14.
Rad1 {[%clk 00:12:20]} {[%emt 00:00:07]} Nce5 {[%clk 00:14:45]} {[%emt
00:00:10]} 15. f3 {[%clk 00:10:58]} {[%emt 00:01:27]} Nc4 {[%clk 00:14:42]}
{[%emt 00:00:08]} 16. Qc1 {[%clk 00:09:45]} {[%emt 00:01:19]} Qb6+ {[%clk
00:14:44]} {[%emt 00:00:02]} 17. Kh1 {[%clk 00:08:39]} {[%emt 00:01:12]} Nge3
{[%clk 00:14:38]} {[%emt 00:00:11]} 18. Nd2 {[%clk 00:07:14]} {[%emt 00:01:29]}
Nxf1 {[%clk 00:14:12]} {[%emt 00:00:32]} 19. Rxf1 {[%clk 00:06:32]} {[%emt
00:00:47]} Ne3 {[%clk 00:14:03]} {[%emt 00:00:13]} 20. Re1 {[%clk 00:06:18]}
{[%emt 00:00:20]} Nxg2 {[%clk 00:14:06]} {[%emt 00:00:02]} 21. Kxg2 {[%clk
00:06:21]} {[%emt 00:00:01]} Rc8 {[%clk 00:14:06]} {[%emt 00:00:05]} 22. Nb3
{[%clk 00:06:16]} {[%emt 00:00:11]} Qc7 {[%clk 00:13:53]} {[%emt 00:00:17]} 23.
Qd2 {[%clk 00:06:02]} {[%emt 00:00:19]} Qd7 {[%clk 00:13:53]} {[%emt 00:00:06]}
24. Rd1 {[%clk 00:05:58]} {[%emt 00:00:09]} e5 {[%clk 00:13:32]} {[%emt
00:00:26]} 25. Bxe5 {[%clk 00:05:39]} {[%emt 00:00:23]} Rd8 {[%clk 00:13:35]}
{[%emt 00:00:03]} 26. Bf4 {[%clk 00:05:32]} {[%emt 00:00:12]} O-O {[%clk
00:13:36]} {[%emt 00:00:04]} 27. Nd4 {[%clk 00:05:17]} {[%emt 00:00:19]} g6
{[%clk 00:13:26]} {[%emt 00:00:15]} 28. Nb3 {[%clk 00:04:56]} {[%emt 00:00:26]}
Qe6 {[%clk 00:12:17]} {[%emt 00:01:14]} 29. Nd5 {[%clk 00:04:48]} {[%emt
00:00:14]} Bxd5 {[%clk 00:12:05]} {[%emt 00:00:17]} 30. Qxd5 {[%clk 00:04:51]}
{[%emt 00:00:02]} Qc8 {[%clk 00:11:30]} {[%emt 00:00:40]} 31. Rd2 {[%clk
00:04:32]} {[%emt 00:00:24]} Rfe8 {[%clk 00:11:33]} {[%emt 00:00:02]} 32. Na5
{[%clk 00:04:33]} {[%emt 00:00:03]} Rd7 {[%clk 00:11:06]} {[%emt 00:00:33]} 33.
c3 {[%clk 00:04:06]} {[%emt 00:00:32]} Bf8 {[%clk 00:11:01]} {[%emt 00:00:10]}
34. Qd3 {[%clk 00:03:16]} {[%emt 00:00:54]} Kh7 {[%clk 00:10:14]} {[%emt
00:00:52]} 35. Nb3 {[%clk 00:02:55]} {[%emt 00:00:27]} Bg7 {[%clk 00:09:42]}
{[%emt 00:00:37]} 36. Na1 {[%clk 00:02:48]} {[%emt 00:00:12]} Be5 {[%clk
00:08:39]} {[%emt 00:01:08]} 37. Be3 {[%clk 00:02:39]} {[%emt 00:00:14]} d5
{[%clk 00:07:30]} {[%emt 00:01:14]} 38. exd5 {[%clk 00:02:30]} {[%emt
00:00:14]} Red8 {[%clk 00:07:34]} {[%emt 00:00:01]} 39. Qe4 {[%clk 00:02:17]}
{[%emt 00:00:17]} Bg7 {[%clk 00:07:28]} {[%emt 00:00:12]} 40. Nc2 {[%clk
00:01:53]} {[%emt 00:00:29]} f5 {[%clk 00:07:29]} {[%emt 00:00:04]} 41. Qe6
{[%clk 00:01:46]} {[%emt 00:00:12]} Rxd5 {[%clk 00:07:26]} {[%emt 00:00:09]} 42.
Qxc8 {[%clk 00:01:27]} {[%emt 00:00:24]} Rxd2+ {[%clk 00:07:28]} {[%emt
00:00:02]} 43. Bxd2 {[%clk 00:01:29]} {[%emt 00:00:02]} Rxc8 {[%clk 00:07:32]}
44. Be3 {[%clk 00:01:25]} {[%emt 00:00:11]} a5 {[%clk 00:07:26]} {[%emt
00:00:11]} 45. Kf2 {[%clk 00:01:17]} {[%emt 00:00:14]} Bf8 {[%clk 00:07:21]}
{[%emt 00:00:09]} 46. Ke2 {[%clk 00:01:01]} {[%emt 00:00:21]} Kg7 {[%clk
00:07:14]} {[%emt 00:00:12]} 47. Bd4+ {[%clk 00:01:04]} {[%emt 00:00:02]} Kf7
{[%clk 00:07:18]} {[%emt 00:00:01]} 48. Kd3 {[%clk 00:01:07]} {[%emt 00:00:03]}
Ke6 {[%clk 00:07:19]} {[%emt 00:00:03]} 49. b4 {[%clk 00:01:05]} {[%emt
00:00:07]} a4 {[%clk 00:07:13]} {[%emt 00:00:10]} 50. Be3 {[%clk 00:01:02]}
{[%emt 00:00:09]} Bg7 {[%clk 00:07:07]} {[%emt 00:00:11]} 51. Bd4 {[%clk
00:01:05]} {[%emt 00:00:03]} Bh6 {[%clk 00:07:08]} {[%emt 00:00:03]} 52. Bf2
{[%clk 00:01:06]} {[%emt 00:00:04]} Kd5 {[%clk 00:07:04]} {[%emt 00:00:09]} 53.
Nd4 {[%clk 00:01:07]} {[%emt 00:00:05]} Rb8 {[%clk 00:07:07]} {[%emt 00:00:01]}
54. Be1 {[%clk 00:00:53]} {[%emt 00:00:19]} Kd6 {[%clk 00:07:03]} {[%emt
00:00:09]} 55. Bf2 {[%clk 00:00:54]} {[%emt 00:00:05]} Bc1 {[%clk 00:07:03]}
{[%emt 00:00:04]} 56. Nc2 {[%clk 00:00:49]} {[%emt 00:00:10]} Kd5 {[%clk
00:06:49]} {[%emt 00:00:18]} 57. Bd4 {[%clk 00:00:49]} {[%emt 00:00:06]} f4
{[%clk 00:06:42]} {[%emt 00:00:12]} 58. gxf4 {[%clk 00:00:45]} {[%emt
00:00:09]} Bxf4 {[%clk 00:06:42]} {[%emt 00:00:04]} 59. Bf2 {[%clk 00:00:33]}
{[%emt 00:00:18]} Bc1 {[%clk 00:06:33]} {[%emt 00:00:14]} 60. Bg3 {[%clk
00:00:17]} {[%emt 00:00:21]} Rb7 {[%clk 00:06:34]} {[%emt 00:00:04]} 61. Bf2
{[%clk 00:00:20]} {[%emt 00:00:02]} g5 {[%clk 00:06:29]} {[%emt 00:00:10]} 62.
hxg5 {[%clk 00:00:23]} {[%emt 00:00:02]} Bxg5 {[%clk 00:06:32]} {[%emt
00:00:02]} 63. Bg3 {[%clk 00:00:19]} {[%emt 00:00:09]} h4 {[%clk 00:06:34]}
{[%emt 00:00:02]} 64. Bh2 {[%clk 00:00:20]} {[%emt 00:00:05]} Re7 {[%clk
00:06:30]} {[%emt 00:00:09]} 65. Nd4 {[%clk 00:00:18]} {[%emt 00:00:07]} Re3+
{[%clk 00:06:32]} {[%emt 00:00:03]} 66. Kc2 {[%clk 00:00:19]} {[%emt 00:00:04]}
Kc4 {[%clk 00:06:34]} {[%emt 00:00:02]} 67. f4 {[%clk 00:00:15]} {[%emt
00:00:10]} Rxc3+ {[%clk 00:06:37]} {[%emt 00:00:02]} 68. Kb2 {[%clk 00:00:19]}
{[%emt 00:00:02]} Bf6 {[%clk 00:06:39]} {[%emt 00:00:02]}  0-1

[Event "Storsjodraget 2022"]
[Site "Ostersund"]
[Date "2022.06.10"]
[Round "3"]
[Board "5"]
[White "Roulet-Dubonnet, Emerik Vapenstad"]
[Black "Kashwan, Hassan"]
[Result "1-0"]
[WhiteElo "2118"]
[BlackElo "1903"]
[PlyCount "0"]
[EventDate "2022.06.10"]
[EventRounds "7"]
[EventCountry "SWE"]

1. d4 {[%clk 00:15:06]} {[%emt 00:00:02]} Nf6 {[%clk 00:12:38]} {[%emt
00:02:33]} 2. c4 {[%clk 00:15:05]} {[%emt 00:00:07]} g6 {[%clk 00:12:34]}
{[%emt 00:00:09]} 3. Nc3 {[%clk 00:15:08]} {[%emt 00:00:02]} Bg7 {[%clk
00:12:38]} 4. e4 {[%clk 00:15:10]} {[%emt 00:00:03]} d6 {[%clk 00:12:42]}
{[%emt 00:00:02]} 5. Be2 {[%clk 00:14:48]} {[%emt 00:00:27]} O-O {[%clk
00:12:44]} {[%emt 00:00:03]} 6. Be3 {[%clk 00:14:51]} Nbd7 {[%clk 00:12:15]}
{[%emt 00:00:35]} 7. Qc2 {[%clk 00:14:47]} {[%emt 00:00:09]} e5 {[%clk
00:11:40]} {[%emt 00:00:40]} 8. d5 {[%clk 00:14:50]} {[%emt 00:00:02]} a5
{[%clk 00:11:29]} {[%emt 00:00:16]} 9. g4 {[%clk 00:14:44]} {[%emt 00:00:11]}
Nc5 {[%clk 00:11:13]} {[%emt 00:00:22]} 10. g5 {[%clk 00:14:36]} {[%emt
00:00:13]} Ne8 {[%clk 00:08:39]} {[%emt 00:02:38]} 11. O-O-O {[%clk 00:13:59]}
{[%emt 00:00:41]} f5 {[%clk 00:08:08]} {[%emt 00:00:37]} 12. gxf6 {[%clk
00:13:54]} {[%emt 00:00:08]} Nxf6 {[%clk 00:07:50]} {[%emt 00:00:24]} 13. h3
{[%clk 00:12:26]} {[%emt 00:01:33]} Bd7 {[%clk 00:07:42]} {[%emt 00:00:14]} 14.
Nf3 {[%clk 00:12:24]} {[%emt 00:00:06]} Nh5 {[%clk 00:07:05]} {[%emt 00:00:43]}
15. Rdg1 {[%clk 00:10:37]} {[%emt 00:01:50]} Nf4 {[%clk 00:06:47]} {[%emt
00:00:24]} 16. h4 {[%clk 00:10:37]} {[%emt 00:00:05]} Qf6 {[%clk 00:04:33]}
{[%emt 00:02:20]} 17. Bd1 {[%clk 00:07:48]} {[%emt 00:02:53]} Kh8 {[%clk
00:03:49]} {[%emt 00:00:49]} 18. Kb1 {[%clk 00:07:32]} {[%emt 00:00:22]} a4
{[%clk 00:02:58]} {[%emt 00:00:56]} 19. Qd2 {[%clk 00:07:32]} {[%emt 00:00:04]}
Rab8 {[%clk 00:02:32]} {[%emt 00:00:32]} 20. h5 {[%clk 00:06:24]} {[%emt
00:01:13]} b5 {[%clk 00:01:30]} {[%emt 00:01:07]} 21. hxg6 {[%clk 00:06:22]}
{[%emt 00:00:06]} h6 {[%clk 00:00:38]} {[%emt 00:00:59]} 22. cxb5 {[%clk
00:03:12]} {[%emt 00:03:15]} Bxb5 {[%clk 00:00:42]} {[%emt 00:00:01]} 23. Bc2
{[%clk 00:03:13]} {[%emt 00:00:03]} Bd3 {[%clk 00:00:42]} {[%emt 00:00:06]} 24.
Nh4 {[%clk 00:02:26]} {[%emt 00:00:50]} Bxc2+ {[%clk 00:00:45]} {[%emt
00:00:03]} 25. Qxc2 {[%clk 00:02:29]} {[%emt 00:00:03]} Ncd3 {[%clk 00:00:47]}
{[%emt 00:00:02]} 26. Bc1 {[%clk 00:01:51]} {[%emt 00:00:43]} Rb4 {[%clk
00:00:48]} {[%emt 00:00:04]} 27. a3 {[%clk 00:00:45]} {[%emt 00:01:11]} Rb3
{[%clk 00:00:46]} {[%emt 00:00:07]} 28. Nf5 {[%clk 00:00:35]} {[%emt 00:00:15]}
Rfb8 {[%clk 00:00:38]} {[%emt 00:00:13]} 29. Nxa4 {[%clk 00:00:39]} {[%emt
00:00:02]} Rxa3 {[%clk 00:00:38]} {[%emt 00:00:05]} 30. Nxh6 {[%clk 00:00:34]}
{[%emt 00:00:09]} Bxh6 {[%clk 00:00:41]} {[%emt 00:00:03]} 31. Rxh6+ {[%clk
00:00:39]} Kg7 {[%emt 00:00:05]} 32. Rh7+ {[%clk 00:00:41]} {[%emt 00:00:01]}
Kg8 {[%clk 00:00:45]} {[%emt 00:00:02]} 33. Rxc7 {[%clk 00:00:40]} {[%emt
00:00:05]} Rab3 {[%clk 00:00:46]} {[%emt 00:00:05]} 34. Rc8+ {[%clk 00:00:41]}
{[%emt 00:00:03]} Kg7 {[%clk 00:00:47]} {[%emt 00:00:05]} 35. Qc7+ {[%clk
00:00:44]} {[%emt 00:00:03]}  1-0

[Event "Storsjodraget 2022"]
[Site "Ostersund"]
[Date "2022.06.10"]
[Round "2"]
[Board "2"]
[White "Akesson, Ralf"]
[Black "Pettersson, Tobias"]
[Result "1-0"]
[WhiteElo "2421"]
[BlackElo "2035"]
[PlyCount "0"]
[EventDate "2022.06.10"]
[EventRounds "7"]
[EventCountry "SWE"]

1. Nf3 {[%clk 00:15:06]} {[%emt 00:00:03]} Nf6 {[%clk 00:15:01]} {[%emt
00:00:10]} 2. c4 {[%clk 00:15:08]} {[%emt 00:00:03]} g6 {[%clk 00:15:01]}
{[%emt 00:00:06]} 3. Nc3 {[%clk 00:15:04]} {[%emt 00:00:09]} Bg7 {[%clk
00:15:03]} {[%emt 00:00:04]} 4. e4 {[%clk 00:15:06]} {[%emt 00:00:02]} d6
{[%clk 00:15:03]} {[%emt 00:00:05]} 5. d4 {[%clk 00:15:07]} {[%emt 00:00:03]}
O-O {[%clk 00:15:01]} {[%emt 00:00:08]} 6. h3 {[%clk 00:15:09]} {[%emt
00:00:03]} c5 {[%clk 00:14:49]} {[%emt 00:00:16]} 7. d5 {[%clk 00:15:09]}
{[%emt 00:00:05]} e6 {[%clk 00:14:42]} {[%emt 00:00:12]} 8. Bd3 {[%clk
00:14:53]} {[%emt 00:00:20]} exd5 {[%clk 00:14:39]} {[%emt 00:00:10]} 9. exd5
{[%clk 00:14:56]} {[%emt 00:00:02]} Re8+ {[%clk 00:14:05]} {[%emt 00:00:40]} 10.
Be3 {[%clk 00:14:57]} {[%emt 00:00:02]} Nbd7 {[%clk 00:13:27]} {[%emt
00:00:42]} 11. O-O {[%clk 00:14:55]} {[%emt 00:00:08]} a6 {[%clk 00:13:28]}
{[%emt 00:00:04]} 12. a4 {[%clk 00:14:51]} {[%emt 00:00:09]} b6 {[%clk
00:13:25]} {[%emt 00:00:09]} 13. Qd2 {[%clk 00:14:41]} {[%emt 00:00:14]} Qe7
{[%clk 00:13:10]} {[%emt 00:00:21]} 14. Rae1 {[%clk 00:14:24]} {[%emt
00:00:21]} Qf8 {[%clk 00:13:09]} {[%emt 00:00:06]} 15. Bf4 {[%clk 00:13:56]}
{[%emt 00:00:34]} Bb7 {[%clk 00:12:55]} {[%emt 00:00:19]} 16. b3 {[%clk
00:12:12]} {[%emt 00:01:48]} Rxe1 {[%clk 00:11:49]} {[%emt 00:01:12]} 17. Rxe1
{[%clk 00:12:16]} {[%emt 00:00:01]} Re8 {[%clk 00:11:51]} {[%emt 00:00:03]} 18.
Rxe8 {[%clk 00:11:32]} {[%emt 00:00:48]} Nxe8 {[%clk 00:11:53]} {[%emt
00:00:04]} 19. a5 {[%clk 00:11:24]} {[%emt 00:00:13]} bxa5 {[%clk 00:11:29]}
{[%emt 00:00:29]} 20. Na4 {[%clk 00:11:23]} {[%emt 00:00:05]} Qe7 {[%clk
00:10:52]} {[%emt 00:00:42]} 21. Qxa5 {[%clk 00:11:16]} {[%emt 00:00:13]} Ndf6
{[%clk 00:10:01]} {[%emt 00:00:56]} 22. Qb6 {[%clk 00:10:58]} {[%emt 00:00:23]}
h6 {[%clk 00:09:22]} {[%emt 00:00:45]} 23. Bd2 {[%clk 00:09:53]} {[%emt
00:01:09]} g5 {[%clk 00:08:17]} {[%emt 00:01:10]} 24. Nh2 {[%clk 00:09:25]}
{[%emt 00:00:32]} Bc8 {[%clk 00:07:31]} {[%emt 00:00:52]} 25. Qb8 {[%clk
00:09:07]} {[%emt 00:00:22]} Qc7 {[%clk 00:06:23]} {[%emt 00:01:13]} 26. Qxc7
{[%clk 00:09:01]} {[%emt 00:00:12]} Nxc7 {[%clk 00:06:26]} {[%emt 00:00:02]} 27.
Nb6 {[%clk 00:08:57]} {[%emt 00:00:08]} Bb7 {[%clk 00:06:24]} {[%emt 00:00:07]}
28. Nf1 {[%clk 00:08:48]} {[%emt 00:00:14]} Kf8 {[%clk 00:06:14]} {[%emt
00:00:15]} 29. Ne3 {[%clk 00:08:46]} {[%emt 00:00:07]} Ke8 {[%clk 00:06:09]}
{[%emt 00:00:09]} 30. Nf5 {[%clk 00:08:43]} {[%emt 00:00:09]} Bf8 {[%clk
00:06:13]} {[%emt 00:00:02]} 31. h4 {[%clk 00:07:41]} {[%emt 00:01:07]} gxh4
{[%clk 00:04:57]} {[%emt 00:01:21]} 32. Bf4 {[%clk 00:06:30]} {[%emt 00:01:15]}
Ncxd5 {[%clk 00:02:50]} {[%emt 00:02:12]} 33. cxd5 {[%clk 00:06:27]} {[%emt
00:00:09]} Nxd5 {[%clk 00:02:31]} {[%emt 00:00:24]} 34. Nxd5 {[%clk 00:06:02]}
{[%emt 00:00:30]} Bxd5 {[%clk 00:02:34]} {[%emt 00:00:02]} 35. Bxa6 {[%clk
00:05:57]} {[%emt 00:00:09]} Kd7 {[%clk 00:01:36]} {[%emt 00:01:04]} 36. Bc4
{[%clk 00:05:35]} {[%emt 00:00:27]} Ke6 {[%clk 00:01:27]} {[%emt 00:00:14]} 37.
Ne3 {[%clk 00:05:21]} {[%emt 00:00:18]} Bxc4 {[%clk 00:01:09]} {[%emt
00:00:25]} 38. bxc4 {[%clk 00:05:24]} Bg7 {[%clk 00:00:55]} {[%emt 00:00:19]}
39. Kf1 {[%clk 00:04:53]} {[%emt 00:00:35]} h5 {[%clk 00:00:48]} {[%emt
00:00:13]} 40. Ke2 {[%clk 00:04:39]} {[%emt 00:00:18]} Be5 {[%clk 00:00:26]}
{[%emt 00:00:27]} 41. Bh6 {[%clk 00:04:35]} {[%emt 00:00:09]} Bd4 {[%clk
00:00:27]} {[%emt 00:00:05]} 42. Nd5 {[%clk 00:04:37]} {[%emt 00:00:02]} Kf5
{[%clk 00:00:27]} {[%emt 00:00:05]} 43. Kf3 {[%clk 00:04:34]} {[%emt 00:00:08]}
Bf6 {[%clk 00:00:18]} {[%emt 00:00:14]} 44. Ne3+ {[%clk 00:04:15]} {[%emt
00:00:25]} Ke5 {[%clk 00:00:18]} {[%emt 00:00:05]} 45. Bf4+ {[%clk 00:04:16]}
{[%emt 00:00:03]} Ke6 {[%clk 00:00:21]} {[%emt 00:00:03]} 46. Ke4 {[%clk
00:04:19]} {[%emt 00:00:02]} Bd4 {[%clk 00:00:24]} {[%emt 00:00:02]} 47. Bg5
{[%clk 00:03:00]} {[%emt 00:01:24]} f5+ {[%clk 00:00:11]} {[%emt 00:00:18]} 48.
Nxf5 {[%clk 00:02:55]} {[%emt 00:00:10]} Bxf2 {[%clk 00:00:12]} {[%emt
00:00:03]} 49. Nxh4 {[%clk 00:02:50]} {[%emt 00:00:10]} Bg3 {[%clk 00:00:14]}
{[%emt 00:00:03]} 50. Nf5 {[%clk 00:02:40]} {[%emt 00:00:15]} Be5 {[%clk
00:00:14]} {[%emt 00:00:05]} 51. Bh4 {[%clk 00:02:22]} {[%emt 00:00:23]} Bh2
{[%clk 00:00:08]} {[%emt 00:00:12]} 52. Ng7+ {[%clk 00:02:14]} {[%emt
00:00:13]} Kd5+ {[%emt 00:00:28]}  1-0